| 000 | 00897cam a2200193 4500 | ||
|---|---|---|---|
| 001 | WB3801-30 | ||
| 008 | 020108n2002 000 0 eng u | ||
| 035 | _a(Sirsi) u116180 | ||
| 245 | _aHouse price rise predicted | ||
| 260 | _c2002 | ||
| 490 |
_aRICS Press Release _v(pr166) 21 December 2001, (2) |
||
| 520 | _aRICS economists forecast a 6% rise in house prices in 2002, compared with 10% in 2001. Economic growth in the UK is expected to slow to 1.8% in 2002, from 2.3% in 2001, but it is anticipated that low interest rates will protect home-owners from the difficult economic climate. The current slowdown will continue in the early part of the year but the market is expected to pick up in the early summer. | ||
| 590 | _aWB | ||
| 650 | _aHOUSE PRICES | ||
| 650 | _aFORECAST | ||
| 650 | _aRICS | ||
| 690 | _aPROPERTY-RESIDENTIAL PROPERTY-RESIDENTIAL PROPERTY MARKET | ||
| 942 | _n0 | ||
| 999 |
_c69207 _d69207 |
||